00464 a2200109 4500082002100000100007400021245005900095260004500154300002700199650005400226700007400280 a809.9.891bES77c aEspinoza Gomez, Manuel, Di Maggio, Nelson and Georges Lemaire, Gerard aLos cafes literarios MontevideobLes cafes litteraires aMontevideobLes Muses inquietantesc1998 a48 pbill (col)c24 cm aliteraturaxhistoria y critica literariazUruguay aEspinoza Gomez, Manuel, Di Maggio, Nelson and Georges Lemaire, Gerard